LEADER 01953nam0-2200433 --450 001 9910341459303321 005 20200402110811.0 010 $z978143952328 035 $a(OCoLC)ocn780334795 100 $a20191008d2013--------kmuy0itay5050----ba 101 0 $aeng 102 $aUS 200 1 $aSpace program management$emethods and tools$fMarcello Spagnulo, Rick Fleeter, with Mauro Balduccini, Federico Nasini 210 $aNew York$cSpringer ;$aEl Segundo, California$cMicrocosm Press$dc2013 215 $axix, 352 p.$cill. (some col.) ;$d24 cm 225 1 $aSpace technology library ;$v28 320 $aIncludes bibliographical references (p. 339-340) and index. 327 $a1. Space activities : a peculiar economical, political, and industrial sector -- 2. Space program management -- 3. Marketing of space programs -- 4. Methods and tools of space programs management -- 5. Risk management of space programs -- 6. Cost management in space programs -- 7. Financial management of space programs -- 8. Management of small, low-cost space programs -- 9. Examples of management applied to different space programs. 607 $aOuter space$xExploration$xManagement 610 0 $aAstronautics$xManagement 610 0 $aAstronautics and state 610 0 $aAerospace engineering$xManagement 676 $a629.40684 700 1$aSpagnulo,$bMarcello$0515125 701 1$aFleeter,$bRick$f1954-$0767252 701 1$aBalduccini,$bMauro$0634184 701 1$aNasini,$bFederico$0634185 801 0$aIT$bUNINA$gRICA$2UNIMARC 912 $a9910341459303321 952 $a13 SC I P 51$b2780 / 2019$fFINBC 952 $a13 H 62 22$b2781 / 2019$fFINBC 952 $a13 H 62 23$b2782 / 2019$fFINBC 952 $a23 16 D 31$b2783 / 2019$fFINAG 952 $a23 16 D 32$b2784 / 2019$fFINAG 952 $a23 16 D 33$b2785 / 2019$fFINAG 959 $aFINBC 959 $aFINAG 996 $aSpace program management$91561922 997 $aUNINA LEADER 04065nam 2200649Ia 450 001 9910461511803321 005 20200520144314.0 010 $a90-04-21578-6 024 7 $a10.1163/ej.9789004186675.i-180 035 $a(CKB)2670000000173876 035 $a(EBL)1158490 035 $a(OCoLC)833766194 035 $a(SSID)ssj0000668698 035 $a(PQKBManifestationID)11470651 035 $a(PQKBTitleCode)TC0000668698 035 $a(PQKBWorkID)10704018 035 $a(PQKB)11202281 035 $a(MiAaPQ)EBC1158490 035 $a(OCoLC)653483710$z(OCoLC)660553473 035 $a(nllekb)BRILL9789004215788 035 $a(PPN)174402481 035 $a(Au-PeEL)EBL1158490 035 $a(CaPaEBR)ebr10684542 035 $a(CaONFJC)MIL471045 035 $a(EXLCZ)992670000000173876 100 $a20130508d2010 uy 0 101 0 $aeng 135 $aurun| uuuua 181 $ctxt 182 $cc 183 $acr 200 14$aThe law of outer space$b[electronic resource] $ean experience in contemporary law-making /$fby Manfred Lachs ; edited by Tanja Masson-Zwaan, Stephan Hobe 210 $aLeiden [Netherlands] ;$aBoston $cMartinus Nijhoff Publishers$d2010 215 $a1 online resource (186 p.) 225 0 $aNijhoff eBook titles 300 $aOriginally published: Leiden : Sijthoff, 1972. 300 $a"Re-issued on the occasion of the 50th anniversary of the International Institute of Space Law." 311 $a90-04-18667-0 320 $aIncludes bibliographical references and index. 327 $tPreliminary Material /$rManfred Lachs -- $tIntroduction /$rManfred Lachs -- $tThe New Horizon of International Law /$rManfred Lachs -- $tThe New Chapter of International Law /$rManfred Lachs -- $tFirst Stages of International Co-Operation /$rManfred Lachs -- $tThe Legal Regime of Outer Space and Celestial Bodies /$rManfred Lachs -- $tThe Frontiers of Outer Space /$rManfred Lachs -- $tThe Legal Situation of Objects Launched into Outer Space and of Astronauts /$rManfred Lachs -- $tAssistance to Astronauts, Return of Astronauts and Space Objects /$rManfred Lachs -- $tSpace Telecommunications /$rManfred Lachs -- $tPeaceful Use?Arms and Armament /$rManfred Lachs -- $tRights and Obligations of States /$rManfred Lachs -- $tResponsibility /$rManfred Lachs -- $tThe Law-Making Process /$rManfred Lachs -- $tConclusions /$rManfred Lachs -- $tAnnexes /$rManfred Lachs -- $tAnnex II. Rescue Agreement /$rManfred Lachs -- $tAnnex III. Convention on International Liability for Damage Caused by Space Objects /$rManfred Lachs -- $tSelected Bibliography /$rManfred Lachs -- $tIndex /$rManfred Lachs -- $tAbout the International Institute of Space Law /$rManfred Lachs. 330 $aIt is a remarkable achievement to write a book that almost four decades after its publication has lost virtually none of its relevance. Manfred Lachs? famous treatise on the Law of Outer Space was originally published in 1972, yet it is still a classic and must-read text for space law students today, even though copies can nowadays be rarely found. The reissue of this remarkable work is therefore timely indeed. Its aim is to make the brilliance, foresight and clarity of Lachs? thinking once more easily accessible to a new generation of scholars. Issued on the occasion of the 50th anniversary of the International Institute of Space Law, of which Lachs was President, this volume reproduces the original text of Lachs' work in full, with a new preface, introduction and index supplied by the editors. 606 $aSpace law 606 $aAeronautics$xLaw and legislation 608 $aElectronic books. 615 0$aSpace law. 615 0$aAeronautics$xLaw and legislation. 676 $a341.4/7 700 $aLachs$b Manfred$0268626 701 $aMasson-Zwaan$b Tanja L$0729894 701 $aHobe$b Stephan$0282006 801 0$bMiAaPQ 801 1$bMiAaPQ 801 2$bMiAaPQ 906 $aBOOK 912 $a9910461511803321 996 $aThe law of outer space$92242937 997 $aUNINA